01198nam a2200193Ia 4500001001100000003001000011008004100021040002500062041001300087100003100100245009400131250001100225260008400236300002700320500026000347501011400607520026000721650002300981L250-16916IT-CnALBA170116s9999||||xx |||||||||||||| ||und|| aIT-CnALBAcIT-CnALBA aITALIANO aBERTOLOTTI GIUSEPPE, MONS. 0aIL PARROCO ITALIANO NEI SUOI RAPPORTI CON LA LEGGE DELLO STATO. MANUALE TEORICO PRATICO.  a2a ed. aMILANO - TORINObARTIGIANELLI TIPOG. S. GIUSEPPE. MI. TO'c1898 [1° Ed.: n.d.] a782 p. (prefazione: 5) aBIBLIOTECA CAN. CHIESA. STORIA DELLE PARROCCHIE. PATRIMONIO ECCLESIASTICO. BENEFICIO PARROCCHIALE. AMMINISTRAZIONE. QUOTA CURATA. FONDAZIONI DEL CULTO. TASSE. ECONOMI SPIEIRUALI. PARROCI E LEGGI DELLO STATO. DECIME. CONGRUE. CHIESE PARROCCHIALI E CANONICH aSocietà San Paolo EM - Piazza San Paolo, 14 - 12051 ALBA (CN) (non commercial uses only) ® Copyright 2017 aBIBLIOTECA CAN. CHIESA. STORIA DELLE PARROCCHIE. PATRIMONIO ECCLESIASTICO. BENEFICIO PARROCCHIALE. AMMINISTRAZIONE. QUOTA CURATA. FONDAZIONI DEL CULTO. TASSE. ECONOMI SPIEIRUALI. PARROCI E LEGGI DELLO STATO. DECIME. CONGRUE. CHIESE PARROCCHIALI E CANONICH aTEOLOGIA PASTORALE